| 000 | 00639nam a22002057i 4500 | ||
|---|---|---|---|
| 999 |
_c23219 _d23219 |
||
| 003 | AR-CdUCM | ||
| 008 | 250224b20232023ii ||||| |||| 00| 0 spa d | ||
| 020 | _a978-9974-744-70-7 | ||
| 040 |
_aMUNICIPALIDAD PROVINCIAL DEL CUSCO _cBIBLIOTECA MUNICIPAL DEL CUSCO |
||
| 041 | _hspa | ||
| 082 |
_aPI / 303 / B83U _bB83U |
||
| 110 |
_aBrijbasi Art Press Limited _951036 |
||
| 245 |
_aUmi el Ciervo : _bHistorias de Animales / |
||
| 300 |
_a12 páginas. : _c30x20 cm. |
||
| 505 | _aHistorias de animales -- Umi el ciervo | ||
| 650 |
_aCiervo _951037 |
||
| 856 | _fwww.latinbooksint.com | ||
| 942 |
_2ddc _cLIBROS |
||
| 945 |
_apbjr _d24-02-2025 |
||